[Event "USA Championship Women 2021"]
[Site "Saint Louis"]
[Date "2021.10.06"]
[Round "1.1"]
[White "Eswaran, Ashritha"]
[Black "Sharevich, Anna"]
[Result "1-0"]
[WhiteElo "2244"]
[BlackElo "2276"]
[Annotator "TA"]
[PlyCount "117"]
[EventDate "2021.10.06"]
[EventCountry "USA"]
[SourceTitle "playchess.com"]
[Source "ChessBase"]
[SourceQuality "1"]

{[%evp 16,117,0,0,10,0,1,16,7,6,26,33,35,41,43,54,47,33,29,28,36,28,36,24,38,0,0,-4,-5,-38,-10,-6,33,29,33,22,45,42,45,44,58,57,118,120,114,110,109,109,153,79,191,107,104,101,392,448,433,441,536,520,665,377,376,369,369,364,361,361,357,364,357,357,347,349,326,343,333,325,307,284,272,278,12846,408,408,255,29983,29984,29984,29979,29978,12844,29974,29975,29989,29990,29990,29991,29995,29994,29994,29995,29997,29998]} 1. e4 c5 2. Nf3 e6 3. d4 cxd4 4. Nxd4 Nc6 5. Nc3 d6 6. g3 Bd7 7. Nde2 Nf6 8. Bg2 Be7 9. O-O O-O {B80: Sicilian Scheveningen: 6 g3 and 6 Be3, including English Attack.} 10. h3 Rc8 {[#]} 11. b3 $146 ({Predecessor:} 11. g4 Ne5 12. g5 Ne8 13. f4 Ng6 14. Be3 b5 15. a3 a5 16. Qd3 Qc7 17. b4 f6 18. Nxb5 {½-½ (46) Anton Guijarro,D (2631)-Escobar Forero,A (2460) Linares 2014}) 11... Ne5 {The position is equal.} 12. a4 Bc6 13. f4 Ned7 14. Nd4 Qa5 15. Bb2 Rfd8 16. Nxc6 bxc6 17. Qe1 Qb6+ 18. Kh2 e5 19. Nd1 Re8 20. Nf2 Bf8 21. Qc3 Qb8 22. Nd3 exf4 23. Rxf4 Ne5 24. Nxe5 dxe5 25. Rf5 {[%cal Rf5e5]} Re6 26. Rd1 {[%cal Rf5e5]} (26. Rxe5 $2 Bb4 $19) 26... Rce8 27. Qe1 g6 28. Rf3 Bg7 (28... Bb4 $14 29. Qe2 Rd8) 29. Bf1 $16 Rd6 30. Bc4 Rxd1 31. Qxd1 Rd8 {[#]} 32. Qe2 (32. Bxe5 $142 $1 {[%mdl 512]} Rxd1 33. Bxb8) 32... h5 {[#]} (32... Rd7 $16 {might work better.}) 33. Bc1 (33. Bxf7+ $1 $18 {[%mdl 512]} Kxf7 (33... Kh7 34. Bc4) 34. Qc4+ {[%mdl 64] Double Attack} Ke7 35. Ba3+ Kd7 36. Qf7+ Kc8 37. Qxg7 Rd2+ 38. Kh1) 33... Rd7 34. Qf1 Nxe4 {[%mdl 8192] A mistake that costs the game.} (34... Qd8 $16 {keeps fighting.}) 35. Rxf7 $18 Rxf7 36. Qxf7+ {[%mdl 64] Double Attack} Kh7 37. Bd3 Qb4 38. c3 {[%mdl 64] Deflection} Qxc3 39. Bxe4 Qxc1 40. Qxg6+ {[%mdl 64] Double Attack} Kg8 41. Qe8+ (41. Bxc6 Qd2+ 42. Bg2 h4 $16) 41... Bf8 42. Qe6+ ({Less strong is} 42. Qxc6 Qxc6 43. Bxc6 Kf7 $16) (42. Bxc6 Qd2+ 43. Bg2 Qe2 $18) (42. Qxe5 Qd2+ 43. Bg2 Qh6 $18) (42. Qxh5 Qb2+ 43. Bg2 (43. Kh1 Bc5 $18) 43... Qxb3 $18) 42... Kh8 43. Qxe5+ Kg8 44. Qe6+ {[%mdl 64] Double Attack} (44. Qxh5 Qb2+ 45. Bg2 Qxb3) 44... Kh8 45. Qf6+ {[%mdl 64] Double Attack} (45. Bxc6 Qb2+ 46. Kh1 Qc1+ 47. Kg2 Qd2+ 48. Kf1 Qd3+ 49. Kg2 Qd2+ 50. Kf1 Qd1+ 51. Kg2 Qd2+ $16) (45. Qxc6 Qxc6 46. Bxc6 Kg7 $16) 45... Kg8 46. Qg6+ {[%mdl 64] Double Attack} ({Don't do} 46. Bxc6 Qd2+ 47. Bg2 Qe2 $18) 46... Bg7 47. h4 Qb2+ 48. Kh3 {Threatening mate with Qe6+.} Qxb3 (48... Qf6 49. Qe8+ Bf8 50. Qxh5 Qf1+ 51. Bg2 Qf6 52. Qg4+ Kf7) 49. Qe8+ (49. Qxc6 $142 {Black must now prevent Bd5+.} Qf7 50. Bd5) 49... Bf8 50. Qxh5 {[%csl Ge4][%cal Rh5h7]} ({Weaker is} 50. Qg6+ Bg7 $18) 50... Bg7 $2 (50... Qe6+ $18 51. Bf5 Qh6 52. Qg4+ Kf7 53. Qc4+ Ke8) 51. Qe8+ Bf8 52. Bf5 Qb7 53. Bd7 (53. Be6+ $142 Kg7 54. h5 Ba3 55. Qg6+ Kf8 56. Qg8+ Ke7 57. Qf7+ Kd6 58. Qxb7) 53... c5 54. Qg6+ {White mates.} Bg7 55. Qe6+ Kh7 56. Bc6 Qb8 57. Be4+ Kh8 58. Qg6 {[%csl Ge4][%cal Rg6h7]} Kg8 59. Bd5+ {Weighted Error Value: White=0.26/Black=0.57} 1-0

[Event "USA Championship Women 2021"]
[Site "Saint Louis"]
[Date "2021.10.06"]
[Round "1.2"]
[White "Paikidze, Nazi"]
[Black "Foisor, Sabina-Francesca"]
[Result "1/2-1/2"]
[WhiteElo "2374"]
[BlackElo "2205"]
[Annotator "TA"]
[PlyCount "99"]
[EventDate "2021.10.06"]
[EventCountry "USA"]
[SourceTitle "playchess.com"]
[Source "ChessBase"]
[SourceQuality "1"]

{[%evp 17,99,33,25,20,11,17,29,24,31,-16,0,-22,-9,0,0,-9,-6,-33,33,0,16,1,65,52,57,57,68,72,62,37,55,32,27,21,46,0,0,0,-3,-16,0,0,0,-72,-72,-60,0,0,0,0,0,0,0,-51,-41,-56,-60,-60,0,0,0,0,0,0,0,0,0,0,0,0,0,0,0,0,0,0,0,0,0,0,0,0,0,0]} 1. e4 c5 2. Nc3 e6 3. Nge2 Nc6 4. g3 Nf6 5. Bg2 Be7 6. O-O a6 7. d4 cxd4 8. Nxd4 O-O 9. Be3 Qc7 10. Qe2 {B47: Sicilian: Taimanov: 5 Nc3 Qc7 6 f4, 6 g3 and 6 Be2.} Nxd4 11. Bxd4 e5 12. Be3 {White has an edge.} d6 13. f4 Be6 14. Rfd1 {[#]} Bg4 $146 ({Predecessor:} 14... Ng4 15. Nd5 Bxd5 16. Qxg4 f5 17. Qh3 exf4 18. Bxf4 Qc5+ 19. Kh1 fxe4 20. c4 Qxc4 {0-1 (30) Dahlhaus,F-Siebrecht,S (2315) Germany 1995}) 15. Bf3 Bxf3 16. Qxf3 b5 17. a3 Rfe8 ({Better is} 17... a5 $15) 18. f5 d5 19. Nxd5 Nxd5 (19... Qxc2 $11 20. Rd2 Qc4) 20. exd5 $14 e4 21. Qf2 ({Wrong is} 21. Qxe4 $2 Bc5 $19) 21... Bd6 22. c3 Re5 23. Rd2 h5 24. Kh1 Qd7 25. Rf1 Rae8 26. f6 g6 27. Rdd1 Rf5 28. Qg2 Ree5 29. Bd4 Re8 30. Rde1 (30. Be3 $11 {remains equal.}) 30... Rxf1+ $17 31. Qxf1 Qb7 (31... Bc7 $15) 32. c4 $11 bxc4 33. Qxc4 Rc8 34. Qe2 Re8 35. Be3 (35. Qc4 $11) 35... Qxd5 $15 36. Rd1 Qc6 37. Rc1 Qd5 (37... Qb7 $15) 38. Qxa6 $11 {The position is equal.} Be5 39. Qc6 Qxc6 40. Rxc6 Bxb2 {[%mdl 4096] Endgame KRB-KRB} 41. a4 {And now a5 would win.} Ra8 42. Rc4 Bxf6 43. Rxe4 Bc3 44. Rc4 Ba5 45. Bd4 Kf8 46. Bf6 Bd8 47. Bc3 Ba5 48. Bf6 Bd8 49. Bc3 Ba5 50. Bf6 {Weighted Error Value: White=0.13/Black=0.11} 1/2-1/2

[Event "USA Championship Women 2021"]
[Site "Saint Louis"]
[Date "2021.10.06"]
[Round "1.3"]
[White "Nemcova, Katerina"]
[Black "Zatonskih, Anna"]
[Result "1-0"]
[WhiteElo "2331"]
[BlackElo "2422"]
[Annotator "TA"]
[PlyCount "61"]
[EventDate "2021.10.06"]
[EventCountry "USA"]
[SourceTitle "playchess.com"]
[Source "ChessBase"]
[SourceQuality "1"]

{[%evp 11,61,0,-2,0,0,-2,0,-10,6,0,0,0,-2,-33,9,0,0,0,0,-1,-15,0,0,0,0,-2,42,-22,18,0,0,0,0,0,0,0,0,-36,0,-91,-79,-71,0,0,0,0,320,313,1088,1049,29994,29995]} 1. d4 d5 2. Bf4 e6 3. e3 Nf6 4. Nf3 Bd6 5. Ne5 O-O 6. Nd2 c5 7. c3 {D02: 1 d4 d5 2 Nf3 sidelines, including 2...Nf6 3 g3 and 2...Nf6 3 Bf4.} b6 8. h4 Qc7 9. h5 {The position is equal.} Nc6 10. Nxc6 Qxc6 {[#]} 11. Bxd6 $146 ({Predecessor:} 11. h6 g6 12. Qf3 Bxf4 13. Qxf4 Nd7 14. Nf3 f6 15. Qg3 c4 16. Be2 Bb7 17. O-O {1-0 (47) Naiditsch,A (2687)-Halkias,S (2585) Doha 2016}) 11... Qxd6 12. f4 a5 13. Qf3 Ba6 14. Bxa6 Rxa6 15. h6 {Strongly threatening hxg7.} g6 16. e4 {aiming for e5.} Qe7 17. e5 Nd7 18. O-O Ra7 19. Rad1 ({White should play} 19. c4 $1 $14) 19... f6 20. exf6 Nxf6 21. Rde1 cxd4 22. cxd4 Qd6 23. Re5 Re7 24. Rfe1 Nd7 (24... Qb4 $5 {[%cal Rb4d2]} 25. Qc3 Qxc3 26. bxc3 Rfe8 $11) 25. Rg5 (25. R5e3 $11 {remains equal.}) 25... Rxf4 $17 ({But not} 25... Qxf4 $6 26. Qxf4 Rxf4 27. Rxd5 $1 $11) 26. Qg3 {[#]} Ref7 (26... Nf6 $1 $17) 27. Nf3 $11 {[%cal Bd2f3,Bf3e5,Be5d3][%mdl 32]} Nf8 28. Ne5 R7f6 {[%mdl 8192]} (28... Qb4 $1 $11 {and Black is okay.} 29. Nxf7 Qxd4+ 30. Qe3 Kxf7) 29. Nd3 $18 R6f5 $2 (29... b5 30. Rg4 {[%mdl 64] Pin} (30. Nxf4 Qxf4 31. Qxf4 Rxf4 $18) 30... e5) 30. Rxf5 {[%mdl 64] Pin} Rf1+ 31. Rexf1 {Weighted Error Value: White=0.17/Black=0.65} 1-0

[Event "USA Championship Women 2021"]
[Site "Saint Louis"]
[Date "2021.10.06"]
[Round "1.4"]
[White "Cervantes Landeiro, Thalia"]
[Black "Yip, Carissa"]
[Result "1/2-1/2"]
[WhiteElo "2175"]
[BlackElo "2402"]
[Annotator "TA"]
[PlyCount "70"]
[EventDate "2021.10.06"]
[EventCountry "USA"]
[SourceTitle "playchess.com"]
[Source "ChessBase"]
[SourceQuality "1"]

{[%evp 9,70,31,36,35,35,30,42,44,35,29,24,20,29,28,83,86,107,67,137,95,157,74,72,76,87,0,0,-16,-16,-14,53,0,139,135,131,127,129,117,135,126,141,97,131,125,148,143,144,151,135,152,155,147,129,8,19,19,17,0,0,0,37,0,0]} 1. d4 d6 2. c4 e5 3. d5 g6 4. e4 a5 5. Nc3 Bh6 6. Bxh6 {A41: 1 d4 d6: Tartakower System and Modern Defence.} Nxh6 7. Qd2 Ng4 8. f3 {White is slightly better.} Nf6 {[#]} 9. Bd3 $146 ({Predecessor:} 9. g4 h5 10. g5 Nfd7 11. h4 Nc5 12. Nh3 {0-1 (13) Sadykov,I (2231)-Zubarev,A (2546) Pavlodar 2013}) 9... Na6 10. Nge2 O-O 11. h4 c6 (11... h5 $11) 12. h5 $16 Bd7 13. g4 Nb4 (13... Nc5 $14) 14. Ng3 Rc8 (14... cxd5 $142 15. exd5 Nxd3+ 16. Qxd3 a4) 15. Bb1 (15. Be2 $142 $1) 15... cxd5 16. exd5 {Strongly threatening a3.} Rxc4 17. Qh6 (17. a3 $16) 17... Bxg4 $1 $11 18. hxg6 fxg6 19. fxg4 Rxg4 {[#]} (19... Qc7 $1 $11 20. Bxg6 hxg6 21. Qxg6+ Qg7 22. Qxg7+ Kxg7 23. Nf5+ Kg6) 20. Nge4 $40 {[%mdl 128] White has some attack.} ({White should play} 20. a3 $1 $14 Rf7 21. Nge2 (21. axb4 Rxg3 22. Ne2 Rg4 $11)) 20... Qe7 (20... Nh5 $11 {keeps the balance.} 21. a3 Rh4 22. Rxh4 Qxh4+ 23. Kd2 Rf2+ 24. Nxf2 Qxf2+ 25. Kd1 Qg1+ 26. Kd2 Qf2+ 27. Kd1 Qf1+ 28. Kd2 Qg2+ 29. Kc1 Qf1+ 30. Nd1 Qc4+ 31. Nc3 Qf1+ 32. Nd1 Qc4+ 33. Nc3 Qf1+) 21. Nxf6+ $16 Rxf6 22. a3 Na6 {[#]} 23. Bc2 $1 Nc5 24. O-O-O Qf7 25. Qh3 Qd7 26. Kb1 Rf2 27. Rdf1 Rgf4 28. Rxf2 Qxh3 29. Rxh3 Rxf2 30. Nb5 Rf6 31. Nc7 (31. Kc1 $16) 31... Rf1+ $11 32. Ka2 {aiming for Ne8.} Rf2 33. Kb1 {And now Ne8 would win.} Rf1+ $1 34. Ka2 {Black must now prevent Ne8.} Rf2 35. Kb1 {Hoping for Ne8.} Rf1+ $1 {Weighted Error Value: White=0.27/Black=0.21} 1/2-1/2

[Event "USA Championship Women 2021"]
[Site "Saint Louis"]
[Date "2021.10.06"]
[Round "1.5"]
[White "Abrahamyan, Tatev"]
[Black "Tokhirjonova, Gulrukhbegim"]
[Result "0-1"]
[WhiteElo "2344"]
[BlackElo "2322"]
[Annotator "TA"]
[PlyCount "132"]
[EventDate "2021.10.06"]
[EventCountry "USA"]
[SourceTitle "playchess.com"]
[Source "ChessBase"]
[SourceQuality "1"]

{[%evp 9,132,-14,0,-6,16,11,33,0,0,0,0,0,33,35,27,0,27,0,0,6,96,90,127,122,152,148,155,153,161,123,128,116,129,126,168,143,145,153,137,91,143,141,130,115,110,106,140,145,125,95,95,102,110,95,97,0,76,0,97,12,0,0,57,6,10,15,83,34,47,38,33,-16,-7,-10,62,58,93,85,94,86,113,105,116,141,181,137,212,175,353,275,616,595,642,618,698,537,529,410,395,389,871,815,2045,1943,29987,390,386,385,381,362,360,0,0,-402,-407,-402,-369,-991,-983,-29978,-29979,-29979,-29980,-29980,-383]} 1. e4 c6 2. Nf3 d5 3. d3 g6 4. e5 Bg7 5. Bf4 {[#]} Qb6 $146 ({Predecessor:} 5... f6 6. Qe2 Bg4 7. Nbd2 Nd7 8. exf6 Ngxf6 9. h3 Bxf3 10. Nxf3 Qb6 11. c3 O-O {0-1 (51) Zubov,A (2854)-Kobalia,M (2687) Chess.com INT 2020}) 6. Nbd2 {B10: Caro-Kann: 2 d3 and 2 c4.} Nh6 7. Nb3 Bg4 (7... c5 {feels hotter.} 8. c3 f6 9. exf6 exf6 10. Qd2 Nf5) 8. h3 {White is slightly better.} Bxf3 9. Qxf3 Nd7 10. d4 e6 (10... a5 $5 {[%cal Ra5a4]}) 11. g4 Ng8 12. h4 f6 13. O-O-O fxe5 14. dxe5 c5 (14... Ne7 $11) 15. h5 $1 $16 O-O-O {[#]} ({Avoid the trap} 15... Nxe5 $2 16. Bxe5 Bxe5 17. Re1 $16) 16. h6 $1 {[%cal Rh6g7]} Bf8 17. c4 d4 18. Bg2 Be7 19. Kb1 Rf8 {...g5 is the strong threat.} 20. Qe4 Bd8 21. Bg3 {And now Na5! would win.} Bc7 22. f4 Ne7 23. Nc1 Nc6 24. Nd3 Na5 (24... Rf7 $142) 25. Rc1 Rhg8 26. Bh2 Nc6 27. Bh3 Ne7 28. Rhf1 a5 29. Rf2 Rf7 30. Bg3 Rgf8 31. Bh4 Kb8 32. Bg3 (32. Bxe7 $16 Rxe7 33. Rcf1) 32... Ka7 (32... Kc8 $1 $11) 33. Re2 ({White should play} 33. Bg2 $16) 33... Ng8 (33... g5 $1 $11) 34. Ne1 (34. g5 $16) 34... Nxh6 35. Nf3 Ng8 (35... Bd8 $11) 36. Ng5 (36. Rd2 $14) 36... Re7 $11 37. Bg2 Nb8 (37... h6 $11 {keeps the balance.} 38. Be1 Qa6) 38. Rh1 {[%mdl 1024] White has strong compensation.} h6 39. Nf3 $36 {[%mdl 2048] White is more active.} Rg7 40. Nh4 Ne7 41. Nf3 {[%cal Bh4f3,Bf3d2,Bd2e4,Be4c5][%mdl 32]} Ng8 (41... Nbc6 $11) 42. Rd2 $14 {[%cal Rd2d4]} Bd8 {[#]} 43. Rd3 $1 Qc6 44. Qe2 {Black must now prevent Nxd4.} Qe8 45. Nd2 Nc6 46. Ne4 Be7 47. Rb3 h5 (47... g5 $16 {keeps fighting.}) 48. Rb5 ({Weaker is} 48. gxh5 Nh6 $14) 48... h4 $2 (48... Nh6) 49. Bxh4 $18 Bxh4 $2 (49... b6 50. Bxe7 Ngxe7) 50. Rxh4 Rxf4 {If only Black now had time for ...b6....} 51. Nxc5 Rgf7 52. Nd3 Nge7 53. Nxf4 Rxf4 54. Rh3 g5 $2 (54... Rf7 55. Rhb3 Nc8) 55. Rhb3 Qg6+ 56. Ka1 Nd8 57. Qd2 $2 (57. Rxb7+ Nxb7 58. Rxb7+ {[%mdl 64] Double Attack} Ka6 59. Rxe7 Rf7 60. Rxf7 Qxf7 61. c5+ Ka7 62. Qe4) 57... Nec6 58. Rxa5+ Kb8 {aiming for ...Qf7.} 59. Rab5 Qf7 {( -> ...Rf1+!)} 60. a3 $2 ({Better is} 60. Qe1 $18) 60... Rf2 $11 {[%cal Bf4f2,Bf2g2,Bg2g1][%mdl 32]} 61. Qxg5 $2 {[%mdl 8192]} (61. Rxb7+ $1 $11 {and White stays safe.} Nxb7 62. Rxb7+ Kxb7 63. Qb4+ Kc8 64. Bxc6) 61... Rxg2 $19 62. Ka2 Rg1 63. Qf6 $2 (63. Qd2 Qf1 64. Rd3) 63... Qh7 {[%csl Gg1][%cal Rh7b1]} 64. Rf3 Qb1+ {Black mates.} 65. Kb3 d3 66. Qf8 d2 $2 {Both players deserved the win here.  Weighted Error Value: White=0.41/Black=0.47} (66... Qc2+ {mates} 67. Ka2 d2 68. Rf1 Qxc4+ {[%mdl 64] Double Attack} 69. Rb3 Qxf1 70. Qxf1 Rxf1 71. Rd3 d1=Q 72. Rxd1 Rxd1 73. Kb3 Nxe5 74. Kc3 Rd3+ 75. Kc2 Ndc6 76. g5 Nd4+ 77. Kc1 Nc4 78. b3 Rxb3 79. g6 Rb2 80. g7 Rc2+ 81. Kd1 Ne3+ 82. Ke1 Nf3#) 0-1

[Event "USA Championship Women 2021"]
[Site "Saint Louis"]
[Date "2021.10.06"]
[Round "1.6"]
[White "Lee, Megan"]
[Black "Krush, Irina"]
[Result "0-1"]
[WhiteElo "2211"]
[BlackElo "2429"]
[Annotator "TA"]
[PlyCount "57"]
[EventDate "2021.10.06"]
[EventCountry "USA"]
[SourceTitle "playchess.com"]
[Source "ChessBase"]
[SourceQuality "1"]

{[%evp 11,57,37,56,24,22,26,45,19,30,20,50,-76,19,24,29,0,3,-8,9,0,0,0,0,0,0,-33,-18,-9,-17,-15,-7,-20,-11,-8,0,-50,-36,-104,-106,-93,-55,-229,-211,-779,-777,-737,-759,-3099]} 1. e4 c5 2. Nf3 e6 3. d4 cxd4 4. Nxd4 Nc6 5. Nc3 Qc7 6. Be3 a6 7. Qf3 {B48: Sicilian: Taimanov: 5 Nc3 Qc7 6 Be3 a6 without Be2.} Nf6 8. O-O-O h5 9. Nxc6 {White is slightly better.} dxc6 10. Qg3 (10. h3 {is interesting.} b5 11. Be2 Bb7 12. Bf4 e5 13. Bg5) 10... e5 {[#] Strongly threatening ...h4.} 11. Bd4 $146 ({Predecessor:} 11. f4 h4 12. Qf2 Ng4 13. Qf3 Nxe3 14. Qxe3 exf4 15. Qd4 Be6 16. Bc4 Bxc4 17. Qxc4 {1-0 (45) Gurvich,V (2549)-Djukic,N (2790) Chess.com INT 2020}) 11... Nd7 {[#]} (11... Ng4 $17 12. Be3 Be6) 12. h4 $1 $11 b5 {[%cal Bb7b5,Bb5b4][%mdl 32]} (12... g6 13. Be3) 13. a3 g6 14. Be3 Be7 15. Be2 Nf6 $1 16. Bg5 a5 17. Qe3 {[#] Bxf6 is the strong threat.} b4 18. Nb1 Ng4 19. Bxg4 Bxg4 20. Bxe7 Qxe7 ({Avoid the trap} 20... Bxd1 $2 21. Bf6 $18) 21. Rd3 Be6 22. g3 c5 {Threatens to win with ...c4.} 23. Qg5 c4 24. Qxe5 (24. Qxe7+ $15 Kxe7 25. Rd2) 24... f6 $36 {[%mdl 2048] Keeping White busy.} 25. Qb5+ Kf7 26. Rf3 {Now White is beyond hope.} ({White has to play} 26. Rd4 $15) 26... c3 27. axb4 $2 (27. Nxc3 Rhb8 28. Qe5 bxc3 29. Qxc3) 27... cxb2+ $19 28. Kxb2 Rhb8 29. Qg5 {Weighted Error Value: White=0.62/Black=0.14} 0-1

[Event "USA Championship Women 2021"]
[Site "Saint Louis"]
[Date "2021.10.07"]
[Round "2.1"]
[White "Tokhirjonova, Gulrukhbegim"]
[Black "Lee, Megan"]
[Result "0-1"]
[WhiteElo "2322"]
[BlackElo "2211"]
[Annotator "TA"]
[PlyCount "188"]
[EventDate "2021.10.06"]
[EventCountry "USA"]
[SourceTitle "playchess.com"]
[Source "ChessBase"]
[SourceQuality "1"]

{[%evp 9,188,11,25,17,30,18,25,15,25,14,9,26,25,15,22,23,16,11,9,9,34,9,13,27,39,18,33,25,25,18,22,12,34,5,7,9,17,0,0,0,6,-5,0,0,0,-11,-4,-18,-18,-18,-18,-18,-19,-12,0,-25,-18,-23,-12,-43,-48,-35,-43,-98,-107,-127,-126,-126,-125,-148,-129,-176,-123,-116,-87,-131,-127,-327,-321,-317,-312,-297,-71,-190,-139,-213,-197,-210,-224,-300,-233,-233,-202,-188,-85,-87,-80,-142,-140,-161,-162,-195,-192,-179,-183,-365,-355,-462,-459,-534,-527,-527,-444,-534,-534,-527,-418,-329,-289,-289,-289,-289,-232,-232,-218,-214,-177,-177,-177,-177,-141,-83,-14,-591,-591,-591,-591,-591,-591,-522,-437,-29954,-29957,-29957,-29954,-29953,-29954,-29951,-29952,-29960,-29962,-29961,-29962,-29959,-29964,-29967,-29968,-29968,-29969,-29971,-29972,-29972,-29972,-29973,-29970,-29969,-29971,-29972,-29973,-29976,-29977,-29977,-29978,-29978,-29979,-29979,-29980,-29980,-29981,-29981,-29982]} 1. e4 e5 2. Nf3 Nc6 3. Bc4 Bc5 4. c3 Nf6 5. d3 a6 6. a4 {C54: Giuoco Piano: 4 c3 Nf6, main lines with 5 d4 and 5 d3.} Ba7 7. O-O d6 8. Nbd2 {[%cal Bb1d2,Bd2f1,Bf1h2,Bh2g4][%mdl 32] White has an edge.} O-O 9. h3 h6 10. Re1 Re8 11. b4 {The main line 11.b4 scores better than 11.Nf1.} Be6 12. Bxe6 Rxe6 13. Nf1 d5 14. Qc2 {[#]} Nh5 $146 ({Predecessor:} 14... Qd7 15. Be3 Bxe3 16. Nxe3 Ne7 17. c4 dxc4 18. dxc4 Ng6 19. c5 Qc6 20. Rad1 b6 {½-½ (40) So,W (2772)-Firouzja,A (2759) Chess24.com INT 2021}) 15. N1h2 dxe4 16. dxe4 Qe8 17. Ng4 Nf4 18. b5 axb5 19. Bxf4 (19. axb5 Bxf2+ 20. Nxf2 Rxa1 $15) 19... exf4 20. axb5 Ne7 {[%cal Bc6e7,Be7g6,Bg6h4,Bh4f3][%mdl 32]} 21. Nd4 Bxd4 22. cxd4 {White wants to play Rxa8.} Rc8 23. Qd3 Ng6 24. Nh2 Nh4 25. Kh1 Qd7 26. Rad1 Rb6 27. Rb1 Ra8 28. Rb2 f3 29. Nxf3 Nxf3 30. Qxf3 Qxd4 31. Qe2 Rd8 32. Rbb1 Qe5 33. Kg1 Rbd6 $36 {[%mdl 2048] Black has some pressure.} 34. Rb2 Rd4 35. Rc2 Rb4 36. g3 (36. Rc4 $15 Qxb5 37. Rxc7) 36... Rd7 $17 37. Ra2 Rxb5 38. Ra8+ Kh7 39. Qg4 Qe6 40. Qe2 Rb3 (40... Re5 $19 41. g4 Rd4) 41. e5 g6 42. h4 h5 43. Qc2 $2 (43. Ra4 $17) 43... Qb6 $1 $19 44. e6 fxe6 {Hoping for ...Rb2.} 45. Kh1 Re7 $2 (45... Rb2 $1 $19 {[%cal Rb2c2] is more deadly.} 46. Qc3 Rg7) 46. Qd2 (46. Rd1 $17 {is a better defense.}) 46... Qd6 ({Better is} 46... Qb4 $19 47. Re2 Qxd2 48. Rxd2 e5) 47. Qg5 (47. Qxd6 $17 cxd6 48. Rd8) 47... e5 48. Rf8 {next Rf6 is good for White.} Kg7 49. Rf4 Rd3 ({Resist} 49... exf4 50. Qxe7+ Qxe7 51. Rxe7+ Kf6 52. Rxc7 $19) 50. Kg2 Qc6+ 51. Kh2 Rdd7 (51... Qe6 $19 {and Black stays clearly on top.} 52. Re2 Rd5) 52. Rxe5 $17 Rf7 53. Re8 {[#]} (53. Re2 $142) 53... Rxf4 $1 54. Qxf4 {[%mdl 4096] Endgame White threatens Qf8+ and mate. KQR-KQR} Rf7 55. Qe5+ Qf6 56. f4 Qxe5 57. fxe5 $19 {KR-KR} (57. Rxe5 Rd7 58. Kg2) 57... Rf2+ 58. Kg1 {[#]} Kf7 $1 {[%mdl 512]} 59. Rd8 (59. Rb8 Rb2) 59... Rc2 60. Rd7+ Kf8 61. Kf1 b5 62. Ke1 Rc5 63. Kd2 c6 64. Rc7 b4 (64... Rxe5 65. Rxc6 Kf7 66. Rb6 $11) 65. Rb7 Rb5 (65... Rxe5 66. Rxb4 Ke7 67. Ra4 $17) 66. Rc7 {[#]} Rd5+ $1 ({Less strong is} 66... Rxe5 67. Rxc6 Kf7 68. Rc4 $15) 67. Kc2 c5 ({Don't take} 67... Rxe5 68. Rxc6 Kg7 69. Rc4 $17) 68. e6 Re5 69. Kd3 Rxe6 70. Rxc5 Rf6 (70... Rb6 $17 {White must now prevent ...b3.} 71. Kc2 b3+ 72. Kb2 Kg7) 71. Ke3 $2 {[%mdl 8192] Black continues to play with concentration.} (71. Rb5 $1 $11 {and White has nothing to worry.}) 71... Rb6 72. Kd2 b3 {[%cal Bb4b3,Bb3b2][%mdl 32] Threatens to win with ...b2.} 73. Kc1 b2+ 74. Kb1 Rb3 75. g4 (75. Rc2 $19 Kf7 76. Rg2) 75... hxg4 {Black mates.} 76. Rg5 Kg7 77. Rxg4 Kh6 78. Rg5 Rb4 79. Rg3 Rxh4 80. Kxb2 Rc4 81. Kb3 Rc8 82. Rg1 g5 83. Kb4 Kg6 84. Kb5 Kf5 85. Rf1+ Ke4 86. Rg1 Kf4 87. Rf1+ Ke3 88. Rg1 Rg8 89. Kc4 g4 90. Re1+ Kf2 91. Re7 g3 92. Rf7+ Ke3 93. Re7+ Kd2 94. Rd7+ Kc2 {Weighted Error Value: White=0.26/Black=0.15} 0-1

[Event "USA Championship Women 2021"]
[Site "Saint Louis"]
[Date "2021.10.07"]
[Round "2.2"]
[White "Yip, Carissa"]
[Black "Abrahamyan, Tatev"]
[Result "1-0"]
[WhiteElo "2402"]
[BlackElo "2344"]
[Annotator "TA"]
[PlyCount "65"]
[EventDate "2021.10.06"]
[EventCountry "USA"]
[SourceTitle "playchess.com"]
[Source "ChessBase"]
[SourceQuality "1"]

{[%evp 11,65,-18,0,-17,-31,-39,-25,-43,-26,-55,-55,-40,41,-79,-53,-91,-88,-77,-76,-87,15,29,42,0,0,0,14,0,285,275,354,350,884,157,143,156,154,127,120,113,342,357,341,350,719,781,754,745,1267,1081,1055,923,856,394,830,829]} 1. e4 e6 2. d4 d5 3. e5 c5 4. c3 Nc6 5. Nf3 Qb6 6. Bd3 cxd4 7. O-O {C02: French: Advance Variation.} Bd7 8. Re1 $1 {[%mdl 4] outshines the older 8.cxd4.} Nge7 9. h4 {Black has an edge.} a6 10. h5 h6 {[#]} 11. Qe2 $146 ({Predecessor:} 11. Na3 dxc3 12. bxc3 Nc8 13. Nc2 Qc7 14. Bf4 Nb6 15. Rb1 Na4 16. Qd2 Nc5 17. Ne3 {0-1 (38) Sanal,V (2556)-Nihal,S (2620) Belgrade 2021}) 11... f5 (11... dxc3 $15 12. bxc3 Nc8) 12. exf6 (12. Nbd2 $14 {stays ahead.}) 12... gxf6 $17 13. cxd4 Nxd4 14. Nxd4 Qxd4 15. Be3 Qe5 (15... Qh4 $1 $17 {Strongly threatening ...Rg8.} 16. Qf3 Rg8) 16. Nd2 $11 Rg8 ({Don't blunder} 16... Qxb2 $2 17. Nc4 $1 $18 {[%mdl 512]} (17. Rab1 Qe5 $16)) 17. f4 {[%mdl 1024] White has compensation.} (17. Qf3 {is more complex.} Nf5 18. Bf4 Nh4 19. Bxe5 Nxf3+ 20. Nxf3 fxe5 21. Bg6+) 17... Qd6 18. Qf2 Rc8 19. Rad1 {Threatening Bh7.} Bc6 $2 {[%mdl 8192] [#]} (19... f5 $11) 20. Bh7 $1 $18 {Black must now prevent Ne4!} Rg7 {[#] Threatens to win with ...d4.} 21. Ne4 $1 {[%cal Re4d6][%mdl 576] Double Attack, Pin} Qc7 {[#]} (21... Qd8 22. f5 dxe4 23. Rxd8+ Rxd8) 22. Bb6 $1 dxe4 $16 23. Bxc7 Rxh7 24. Bd6 Rg7 25. Rc1 Nf5 $2 {A mistake that costs the game.} (25... f5 $16 {was worth a try.}) 26. Bxf8 $18 Kxf8 {[#]} 27. Rxe4 {[%mdl 576] Pin} Rd8 $2 {[#]} (27... Kf7 28. Rec4 Ne7) 28. Rxc6 $1 bxc6 29. Rxe6 {[%mdl 64] Double Attack} Ng3 30. Rxf6+ Ke7 31. Qc5+ Kxf6 32. Qe5+ Kf7 {aiming for ...Rd1+.} 33. Qc7+ {[%mdl 64] Double Attack.  Weighted Error Value: White=0.37/Black=0.58} 1-0